000 00400nam a2200145Ia 4500
008 231129s1998||||xx |||||||||||||| ||spa||
020 _a84-8285-035-1
040 _bspa
082 _aE861 R934b
100 _aRuí­z Arcipreste de Hita Juan
245 0 _aEl libro de buen amor
260 _c1998
264 _aClub Internacional del Libro
942 _2ddc
_cBKS
999 _c11490
_d11490